Statistická ročenka České republiky 2009
Salvato in:
| Ente Autore: | |
|---|---|
| Natura: | Libro |
| Lingua: | ceco |
| Pubblicazione: |
Praha
Nakladatelství Scientia
2009
|
| Soggetti: | |
| Tags: |
Nessun Tag, puoi essere il primo ad aggiungerne!!
|
MARC
| LEADER | 00000nam$a2200000$$$4500 | ||
|---|---|---|---|
| 001 | 0109201 | ||
| 005 | 20260129103502.1 | ||
| 020 | |a 978-80-250-1948-1 | ||
| 041 | 0 | |a cze | |
| 044 | |a CZ | ||
| 245 | 1 | 0 | |a Statistická ročenka České republiky 2009 |
| 264 | 1 | |a Praha |b Nakladatelství Scientia |c 2009 | |
| 300 | |a 807 s. | ||
| 610 | 2 | 0 | |a Česko |
| 710 | 2 | |a Český statistický úřad | |